The luxury hotel of the 1890 - 5 : operational and Spatial Attributes of the Chateau Frontenac in Quebec City

Αποθηκεύτηκε σε:
Λεπτομέρειες βιβλιογραφικής εγγραφής
Κύριος συγγραφέας: Lundgren, Jan O.
Μορφή: Βιβλίο
Γλώσσα:English
Δημοσίευση: Paris : Centre des hautes etudes touristiques, 1984
Σειρά:Cahiers du tourisme. Serie B ; ; 36
Θέματα:
Ετικέτες: Προσθήκη ετικέτας
Δεν υπάρχουν, Καταχωρήστε ετικέτα πρώτοι!

MARC

LEADER 00000nam a2200000 i 4500
001 1/67821
008 960619s1984 eng d
035 |l 10030081 
040 |a GR-MY-UA  |b gre  |e aacr 
041 0 |a eng 
082 0 |a 338.4791 
100 1 |a Lundgren, Jan O. 
245 1 4 |a The luxury hotel of the 1890 - 5 :  |b operational and Spatial Attributes of the Chateau Frontenac in Quebec City /  |c Jan O.J.Lundgren 
260 |a Paris :   |b Centre des hautes etudes touristiques,   |c 1984 
300 |a 34 p. 
490 1 |a Cahiers du tourisme. Serie B  |v ; 36 
500 |a Includes bibliography 
650 0 0 |a Tourism. 
830 0 |a Cahiers du tourisme. Serie B ;  |v ; 36 
852 |a INST  |b CHIOS  |e 19960619  |h 338.4791 LUN  |p 005200007691  |q 005200007691  |t BK  |y 0 
909 |a Χ  |b 032570